MARC details
| 000 -CABECERA |
| campo de control de longitud fija |
01201nam a2200289 a 4500 |
| 005 - FECHA Y HORA DE LA ÚLTIMA TRANSACCIÓN |
| campo de control |
20240910064045.0 |
| 008 - ELEMENTOS DE LONGITUD FIJA--INFORMACIÓN GENERAL |
| campo de control de longitud fija |
991125s1945 mx 000 0 spa u |
| 035 ## - NÚMERO DE CONTROL DEL SISTEMA |
| Número de control de sistema |
UPN01000034831 |
| 049 ## - COLECCIÓN |
| Colección |
SEP |
| 050 #4 - SIGNATURA TOPOGRÁFICA DE LA BIBLIOTECA DEL CONGRESO |
| Número de clasificación |
AC70 |
| Número de documento/Ítem |
B5a no.36-40 |
| 100 1# - ASIENTO PRINCIPAL--NOMBRE PERSONAL |
| Nombre de persona |
García, Genaro, |
| Fechas asociadas al nombre |
1867-1920 |
| 9 (RLIN) |
41449 |
| 245 10 - MENCIÓN DE TÍTULO |
| Título |
Leona Vicario : |
| Resto del título |
heroína insurgente / |
| Mención de responsabilidad, etc. |
por Genaro García. |
| 260 ## - PUBLICACIÓN, DISTRIBUCIÓN, ETC. |
| Lugar de publicación, distribución, etc. |
México : |
| Nombre del editor, distribuidor, etc. |
SEP, |
| Fecha de publicación, distribución, etc. |
1945. |
| 300 ## - DESCRIPCIÓN FÍSICA |
| Extensión |
1 v. (en varias paginaciones) |
| 440 #0 - MENCIÓN DE SERIE/ASIENTO SECUNDARIO--TÍTULO |
| Título |
Biblioteca enciclopédica popular ; |
| Designación de volumen o secuencia |
36-40 |
| 501 ## - NOTA DE "CON" |
| Nota de “Con” |
Encuadernado con: no.37. Botánica agrícola mexicana : breves monografías / recopilación de Narciso Serradel -- no.38. La religión de los aztecas / por Alfonso Casono -- no.39. Poemas y cuentos / Manuel José Othon |
| 600 14 - ASIENTO SECUNDARIO DE MATERIA - NOMBRE PERSONAL |
| Nombre de persona |
FEYJOO Y MONTENEGRO, BENITO JERONIMO, |
| Títulos y otros términos asociados al nombre |
FRAY, |
| Fechas asociadas al nombre |
1676-1764 |
| 600 14 - ASIENTO SECUNDARIO DE MATERIA - NOMBRE PERSONAL |
| Nombre de persona |
VICARIO, LEONA, |
| Fechas asociadas al nombre |
1787-1842 |
| 650 #2 - ASIENTO SECUNDARIO DE MATERIA - TERMINO TEMATICO |
| Término de materia o nombre geográfico como elemento de entrada |
Agricultura |
| 9 (RLIN) |
1809 |
| 650 #4 - ASIENTO SECUNDARIO DE MATERIA - TERMINO TEMATICO |
| Término de materia o nombre geográfico como elemento de entrada |
Aztecas |
| Subdivisión general |
Religión y mitología |
| 9 (RLIN) |
5429 |
| 650 #4 - ASIENTO SECUNDARIO DE MATERIA - TERMINO TEMATICO |
| Término de materia o nombre geográfico como elemento de entrada |
Poesía mexicana |
| 9 (RLIN) |
1273 |
| 700 1# - ASIENTO SECUNDARIO--NOMBRE DE PERSONAL |
| Nombre de persona |
Othón, Manuel José, |
| Fechas asociadas al nombre |
1858-1906 |
| Término indicativo de función/relación |
coaut. |
| 9 (RLIN) |
28582 |
| 740 0# - ASIENTO SECUNDARIO - TÍTULOS RELACIONADOS /ANALITICOS NO CONTROLADOS |
| Título relacionado o analítico no controlado |
Botánica agrícola mexicana : breves monografías |
| 740 3# - ASIENTO SECUNDARIO - TÍTULOS RELACIONADOS /ANALITICOS NO CONTROLADOS |
| Título relacionado o analítico no controlado |
La religión de los aztecas |
| 740 0# - ASIENTO SECUNDARIO - TÍTULOS RELACIONADOS /ANALITICOS NO CONTROLADOS |
| Título relacionado o analítico no controlado |
Poemas y cuentos |
| 905 ## - TIPO DE MATERIAL |
| Tipo de material |
Libro |